000 00493cam a2200157 a 4500
020 _a013678822X (hardcover)
082 0 0 _a668.4
_bSTR
_cL-138, P-165
100 1 _aStrong, A. Brent.
_935926
245 1 0 _aPlastics :
_bmaterials and processing /
_cA. Brent Strong.
260 _aEnglewood Cliffs, N.J. :
_bPrentice Hall,
_cc1996.
300 _axii, 675 p. :
_bill. ;
_c25 cm.
526 _a0
_b0
_c0
_d668_400000000000000_STR
650 0 _aMCE
_9379
650 0 _aPlastics.
_935927
942 _2ddc
_cBK
999 _c548514
_d548514